00329nam a2200133Ia 4500003000900000008004100009040001300050040001300063245006100076245001100137260003200148300000800180490000700188IT-RoPAU120407s9999 xx 000 0 und d aIT-RoPAU cIT-RoPAU aDictionnaire d'archéologie chrétienne et de liturgie cAA.VV. aLibrairie Letouzey et Ané c cm v30